[Event "DEM U16 2021"]
[Site "Willingen GER"]
[Date "2021.08.24"]
[Round "3"]
[White "Pubantz, Jan"]
[Black "Eilenberg, Jonas"]
[Result "1-0"]
[Termination "normal"]
[Board "2"]
[WhiteElo "2268"]
[BlackElo "2087"]
[WhiteClock "00:02:19"]
[BlackClock "00:02:38"]
[PlyCount "75"]
[WhiteFideId "12996114"]
[BlackFideId "16204271"]
[EventCountry "GER"]
[EventRounds "9"]
[EventType "swiss"]
[EventDate "2021.08.22"]

1. d4 {[%clk 1:30:58]} e6 {[%clk 1:30:11]} 2. c4 {[%clk 1:31:16]} d5 {[%clk
1:30:30]} 3. g3 {[%clk 1:31:30]} Nf6 {[%clk 1:30:23]} 4. Bg2 {[%clk 1:31:50]}
dxc4 {[%clk 1:29:52]} 5. Qa4+ {[%clk 1:31:31]} Nbd7 {[%clk 1:29:34]} 6. Qxc4
{[%clk 1:31:27]} a6 {[%clk 1:29:19]} 7. Be3 {[%clk 1:27:43]} Bd6 {[%clk
1:22:29]} 8. Nh3 {[%clk 1:21:54]} O-O {[%clk 1:17:08]} 9. O-O {[%clk 1:19:59]}
h6 {[%clk 1:10:51]} 10. Rd1 {[%clk 1:15:28]} Qe7 {[%clk 1:05:56]} 11. Nf4
{[%clk 1:09:03]} e5 {[%clk 1:00:50]} 12. Ng6 {[%clk 1:07:20]} Qe8 {[%clk
1:00:16]} 13. Nxf8 {[%clk 1:06:53]} Qxf8 {[%clk 1:00:20]} 14. Nc3 {[%clk
1:02:57]} Rb8 {[%clk 0:58:16]} 15. Ne4 {[%clk 0:52:21]} Nxe4 {[%clk 0:54:56]}
16. Bxe4 {[%clk 0:51:37]} Nf6 {[%clk 0:54:31]} 17. dxe5 {[%clk 0:38:53]} Bxe5
{[%clk 0:54:54]} 18. Bd4 {[%clk 0:38:11]} b5 {[%clk 0:50:45]} 19. Qc2 {[%clk
0:38:04]} Bxd4 {[%clk 0:48:34]} 20. Rxd4 {[%clk 0:38:10]} c5 {[%clk 0:47:24]}
21. Rd2 {[%clk 0:38:21]} Nxe4 {[%clk 0:47:11]} 22. Qxe4 {[%clk 0:38:47]} Be6
{[%clk 0:47:28]} 23. Qe5 {[%clk 0:31:44]} c4 {[%clk 0:43:55]} 24. Rad1 {[%clk
0:30:18]} Kh7 {[%clk 0:40:12]} 25. Qe4+ {[%clk 0:28:02]} g6 {[%clk 0:39:54]}
26. Rd6 {[%clk 0:24:50]} Qg7 {[%clk 0:33:00]} 27. Rxa6 {[%clk 0:15:32]} b4
{[%clk 0:31:09]} 28. Rxe6 {[%clk 0:15:00]} fxe6 {[%clk 0:31:30]} 29. Qxc4
{[%clk 0:13:42]} Rb7 {[%clk 0:29:52]} 30. Rd2 {[%clk 0:12:05]} Qe5 {[%clk
0:25:38]} 31. Kg2 {[%clk 0:11:08]} h5 {[%clk 0:21:18]} 32. Rd4 {[%clk 0:09:20]}
Kg7 {[%clk 0:17:39]} 33. Qd3 {[%clk 0:08:06]} Qc5 {[%clk 0:06:41]} 34. Qe4
{[%clk 0:05:47]} Rf7 {[%clk 0:05:00]} 35. e3 {[%clk 0:05:44]} b3 {[%clk
0:03:21]} 36. axb3 {[%clk 0:05:59]} h4 {[%clk 0:03:02]} 37. Qxh4 {[%clk
0:04:49]} e5 {[%clk 0:02:38]} 38. Rd8 {[%clk 0:02:19]} 1-0

[Event "DEM U16 2021"]
[Site "Willingen GER"]
[Date "2021.08.24"]
[Round "3"]
[White "Colbow, Collin"]
[Black "Bui, Bao Anh Le"]
[Result "1-0"]
[Termination "normal"]
[Board "3"]
[WhiteTitle "FM"]
[WhiteElo "2356"]
[BlackElo "2179"]
[WhiteClock "00:09:25"]
[BlackClock "00:01:56"]
[PlyCount "125"]
[WhiteFideId "16201132"]
[BlackFideId "12970719"]
[EventCountry "GER"]
[EventRounds "9"]
[EventType "swiss"]
[EventDate "2021.08.22"]

1. e4 {[%clk 1:30:57]} c5 {[%clk 1:30:25]} 2. Nc3 {[%clk 1:31:22]} Nc6 {[%clk
1:29:43]} 3. Nge2 {[%clk 1:31:47]} Nd4 {[%clk 1:25:08]} 4. Nxd4 {[%clk
1:32:11]} cxd4 {[%clk 1:25:33]} 5. Ne2 {[%clk 1:32:37]} e5 {[%clk 1:25:59]} 6.
c3 {[%clk 1:33:04]} dxc3 {[%clk 1:25:20]} 7. dxc3 {[%clk 1:33:28]} Bc5 {[%clk
1:06:51]} 8. Ng3 {[%clk 1:33:26]} Nf6 {[%clk 1:06:52]} 9. Qf3 {[%clk 1:33:37]}
d6 {[%clk 0:53:44]} 10. Bb5+ {[%clk 1:26:44]} Bd7 {[%clk 0:37:28]} 11. Bxd7+
{[%clk 1:26:49]} Nxd7 {[%clk 0:33:22]} 12. b4 {[%clk 1:20:31]} Bb6 {[%clk
0:31:14]} 13. Nf5 {[%clk 1:18:12]} Qf6 {[%clk 0:31:25]} 14. Qg3 {[%clk
1:03:29]} d5 {[%clk 0:09:42]} 15. O-O {[%clk 0:40:18]} dxe4 {[%clk 0:03:05]}
16. Nxg7+ {[%clk 0:37:52]} Kf8 {[%clk 0:03:27]} 17. Nh5 {[%clk 0:37:21]} Qg6
{[%clk 0:03:39]} 18. Qh3 {[%clk 0:36:33]} Rg8 {[%clk 0:02:43]} 19. Ng3 {[%clk
0:34:00]} Nf6 {[%clk 0:02:57]} 20. Bh6+ {[%clk 0:34:01]} Ke8 {[%clk 0:03:14]}
21. Be3 {[%clk 0:23:30]} Qg4 {[%clk 0:03:10]} 22. Qxg4 {[%clk 0:23:20]} Rxg4
{[%clk 0:03:35]} 23. Rad1 {[%clk 0:23:03]} Rd8 {[%clk 0:02:37]} 24. Rxd8+
{[%clk 0:20:43]} Kxd8 {[%clk 0:03:03]} 25. h3 {[%clk 0:20:33]} Rg6 {[%clk
0:02:34]} 26. Bxb6+ {[%clk 0:19:44]} axb6 {[%clk 0:03:00]} 27. Re1 {[%clk
0:18:11]} Kc7 {[%clk 0:02:45]} 28. Nxe4 {[%clk 0:18:13]} Nd5 {[%clk 0:03:05]}
29. a3 {[%clk 0:04:10]} Rc6 {[%clk 0:01:59]} 30. Nd2 {[%clk 0:03:34]} Rxc3
{[%clk 0:01:26]} 31. Rxe5 {[%clk 0:03:57]} Kd6 {[%clk 0:00:50]} 32. Rh5 {[%clk
0:03:48]} Ke6 {[%clk 0:00:43]} 33. Nf3 {[%clk 0:03:31]} Nf6 {[%clk 0:00:44]}
34. Nd4+ {[%clk 0:01:54]} Ke7 {[%clk 0:00:58]} 35. Re5+ {[%clk 0:02:01]} Kd7
{[%clk 0:01:05]} 36. Rf5 {[%clk 0:02:06]} Ke7 {[%clk 0:01:27]} 37. Re5+ {[%clk
0:02:05]} Kd7 {[%clk 0:01:52]} 38. Rf5 {[%clk 0:02:32]} Ke7 {[%clk 0:02:18]}
39. Rf3 {[%clk 0:02:43]} Nd5 {[%clk 0:01:10]} 40. Rxc3 {[%clk 0:00:37]} Nxc3
{[%clk 0:01:38]} 41. f3 {[%clk 0:19:58]} Kd6 {[%clk 0:25:19]} 42. Kf2 {[%clk
0:20:19]} Kd5 {[%clk 0:24:02]} 43. Ke3 {[%clk 0:19:43]} Kc4 {[%clk 0:18:31]}
44. Nf5 {[%clk 0:17:31]} Kb3 {[%clk 0:13:02]} 45. Nd6 {[%clk 0:10:18]} Kxa3
{[%clk 0:12:51]} 46. Nxf7 {[%clk 0:09:53]} Kxb4 {[%clk 0:12:00]} 47. Kd4 {[%clk
0:08:40]} Ne2+ {[%clk 0:06:30]} 48. Ke5 {[%clk 0:08:50]} b5 {[%clk 0:05:39]}
49. Nd6 {[%clk 0:07:57]} Ka4 {[%clk 0:04:59]} 50. f4 {[%clk 0:07:09]} b4 {[%clk
0:03:01]} 51. f5 {[%clk 0:07:11]} b5 {[%clk 0:02:20]} 52. f6 {[%clk 0:07:09]}
b3 {[%clk 0:01:16]} 53. Ne4 {[%clk 0:07:18]} b2 {[%clk 0:00:48]} 54. Nd2 {[%clk
0:07:44]} Kb4 {[%clk 0:00:57]} 55. f7 {[%clk 0:08:10]} Kc3 {[%clk 0:01:17]} 56.
Nb1+ {[%clk 0:08:27]} Kc2 {[%clk 0:01:27]} 57. Na3+ {[%clk 0:08:54]} Kb3 {[%clk
0:01:48]} 58. f8=Q {[%clk 0:09:17]} b4 {[%clk 0:01:59]} 59. Nb1 {[%clk
0:09:24]} Kc2 {[%clk 0:01:35]} 60. Qxb4 {[%clk 0:08:15]} Kxb1 {[%clk 0:01:50]}
61. Qe4+ {[%clk 0:08:39]} Ka1 {[%clk 0:01:52]} 62. Qxe2 {[%clk 0:08:58]} b1=Q
{[%clk 0:01:56]} 63. Qa6+ {[%clk 0:09:25]} 1-0

[Event "DEM U16 2021"]
[Site "Willingen GER"]
[Date "2021.08.24"]
[Round "3"]
[White "Arakelian, Aik"]
[Black "Hommer, Jeremy"]
[Result "0-1"]
[Termination "normal"]
[Board "4"]
[WhiteElo "2052"]
[BlackElo "2172"]
[WhiteClock "00:04:27"]
[BlackClock "00:08:32"]
[PlyCount "80"]
[WhiteFideId "16220340"]
[BlackFideId "12992577"]
[EventCountry "GER"]
[EventRounds "9"]
[EventType "swiss"]
[EventDate "2021.08.22"]

1. e4 {[%clk 1:30:52]} e6 {[%clk 1:30:55]} 2. d4 {[%clk 1:31:09]} d5 {[%clk
1:31:20]} 3. Nc3 {[%clk 1:31:23]} Nf6 {[%clk 1:31:42]} 4. Bg5 {[%clk 1:31:40]}
dxe4 {[%clk 1:31:56]} 5. Nxe4 {[%clk 1:31:55]} Be7 {[%clk 1:32:19]} 6. Nxf6+
{[%clk 1:31:37]} Bxf6 {[%clk 1:32:40]} 7. Bxf6 {[%clk 1:31:59]} Qxf6 {[%clk
1:32:59]} 8. Nf3 {[%clk 1:32:00]} O-O {[%clk 1:30:57]} 9. Qd3 {[%clk 1:30:14]}
Rd8 {[%clk 1:23:08]} 10. O-O-O {[%clk 1:29:51]} c5 {[%clk 1:20:11]} 11. Qe4
{[%clk 1:28:28]} Nc6 {[%clk 1:14:23]} 12. Bd3 {[%clk 1:23:41]} cxd4 {[%clk
1:02:04]} 13. Qxh7+ {[%clk 1:17:01]} Kf8 {[%clk 1:02:33]} 14. Qh5 {[%clk
1:02:26]} b6 {[%clk 0:56:04]} 15. Ng5 {[%clk 0:52:03]} Ke7 {[%clk 0:55:54]} 16.
Ne4 {[%clk 0:51:47]} Qh6+ {[%clk 0:54:51]} 17. Qxh6 {[%clk 0:52:08]} gxh6
{[%clk 0:55:20]} 18. Rhe1 {[%clk 0:45:10]} Bb7 {[%clk 0:55:09]} 19. a3 {[%clk
0:44:38]} Ne5 {[%clk 0:53:44]} 20. Bf1 {[%clk 0:44:49]} Rac8 {[%clk 0:52:08]}
21. h3 {[%clk 0:39:05]} Ng6 {[%clk 0:45:46]} 22. f3 {[%clk 0:26:03]} Nh4 {[%clk
0:42:05]} 23. Kb1 {[%clk 0:19:56]} Rd7 {[%clk 0:29:03]} 24. Rd2 {[%clk
0:14:57]} Rg8 {[%clk 0:26:58]} 25. Rf2 {[%clk 0:15:06]} f5 {[%clk 0:20:07]} 26.
Nd2 {[%clk 0:15:21]} Rg3 {[%clk 0:15:13]} 27. Bc4 {[%clk 0:14:41]} Bd5 {[%clk
0:15:38]} 28. Bxd5 {[%clk 0:14:53]} Rxd5 {[%clk 0:16:04]} 29. Ree2 {[%clk
0:15:07]} Rg8 {[%clk 0:13:29]} 30. f4 {[%clk 0:12:24]} d3 {[%clk 0:12:53]} 31.
cxd3 {[%clk 0:12:37]} Rxd3 {[%clk 0:13:18]} 32. Nf1 {[%clk 0:12:43]} Rxg2
{[%clk 0:10:47]} 33. Rxg2 {[%clk 0:10:34]} Nxg2 {[%clk 0:11:16]} 34. Rxg2
{[%clk 0:11:03]} Rd1+ {[%clk 0:11:37]} 35. Kc2 {[%clk 0:11:25]} Rxf1 {[%clk
0:12:03]} 36. Rg6 {[%clk 0:11:45]} h5 {[%clk 0:10:21]} 37. Rh6 {[%clk 0:11:32]}
Rxf4 {[%clk 0:10:42]} 38. Rxh5 {[%clk 0:11:56]} e5 {[%clk 0:10:13]} 39. Rh6
{[%clk 0:05:34]} Rf2+ {[%clk 0:09:21]} 40. Kc3 {[%clk 0:04:27]} e4 {[%clk
0:08:32]} 0-1

[Event "DEM U16 2021"]
[Site "Willingen GER"]
[Date "2021.08.24"]
[Round "3"]
[White "Weihrauch, Jakob"]
[Black "Gallasch, Jonas"]
[Result "1/2-1/2"]
[Termination "normal"]
[Board "5"]
[WhiteElo "2137"]
[BlackElo "2046"]
[WhiteClock "00:04:39"]
[BlackClock "00:29:14"]
[PlyCount "108"]
[WhiteFideId "16210115"]
[BlackFideId "16222474"]
[EventCountry "GER"]
[EventRounds "9"]
[EventType "swiss"]
[EventDate "2021.08.22"]

1. e4 {[%clk 1:30:58]} c6 {[%clk 1:30:55]} 2. Nc3 {[%clk 1:31:17]} d5 {[%clk
1:31:19]} 3. Nf3 {[%clk 1:31:33]} Bg4 {[%clk 1:31:35]} 4. h3 {[%clk 1:31:56]}
Bxf3 {[%clk 1:31:59]} 5. Qxf3 {[%clk 1:32:20]} e6 {[%clk 1:32:23]} 6. Be2
{[%clk 1:32:19]} Nd7 {[%clk 1:30:15]} 7. d4 {[%clk 1:30:23]} dxe4 {[%clk
1:29:29]} 8. Nxe4 {[%clk 1:30:46]} Ngf6 {[%clk 1:27:39]} 9. Ng3 {[%clk
1:30:42]} Qb6 {[%clk 1:21:12]} 10. c3 {[%clk 1:26:33]} c5 {[%clk 1:18:24]} 11.
dxc5 {[%clk 1:19:13]} Bxc5 {[%clk 1:16:47]} 12. O-O {[%clk 1:17:08]} O-O {[%clk
1:10:23]} 13. h4 {[%clk 0:58:29]} Bd6 {[%clk 0:41:59]} 14. Ne4 {[%clk 0:44:40]}
Nxe4 {[%clk 0:39:49]} 15. Qxe4 {[%clk 0:45:08]} Nf6 {[%clk 0:39:47]} 16. Qa4
{[%clk 0:43:02]} a6 {[%clk 0:34:23]} 17. Bf3 {[%clk 0:36:46]} Qc7 {[%clk
0:31:01]} 18. Bg5 {[%clk 0:31:48]} Nd7 {[%clk 0:27:42]} 19. Rad1 {[%clk
0:28:46]} Nc5 {[%clk 0:25:55]} 20. Qg4 {[%clk 0:25:53]} f5 {[%clk 0:19:53]} 21.
Qc4 {[%clk 0:24:07]} b5 {[%clk 0:20:01]} 22. Qd4 {[%clk 0:20:09]} Be5 {[%clk
0:18:34]} 23. Qe3 {[%clk 0:18:28]} Rae8 {[%clk 0:16:21]} 24. Rfe1 {[%clk
0:13:11]} Bh2+ {[%clk 0:14:00]} 25. Kh1 {[%clk 0:13:35]} h6 {[%clk 0:14:23]}
26. g3 {[%clk 0:07:33]} hxg5 {[%clk 0:12:20]} 27. Qxg5 {[%clk 0:06:59]} Ne4
{[%clk 0:06:07]} 28. Bxe4 {[%clk 0:07:19]} fxe4 {[%clk 0:06:36]} 29. Rd2 {[%clk
0:04:34]} Rxf2 {[%clk 0:05:32]} 30. Rxf2 {[%clk 0:04:44]} Bxg3 {[%clk 0:05:58]}
31. Qg6 {[%clk 0:02:59]} Re7 {[%clk 0:06:01]} 32. Rff1 {[%clk 0:02:21]} Bxe1
{[%clk 0:06:17]} 33. Rxe1 {[%clk 0:02:51]} Qf4 {[%clk 0:03:06]} 34. Qxe4 {[%clk
0:03:01]} Qxe4+ {[%clk 0:02:45]} 35. Rxe4 {[%clk 0:03:30]} Kf7 {[%clk 0:03:13]}
36. a4 {[%clk 0:02:52]} Rb7 {[%clk 0:03:10]} 37. Rb4 {[%clk 0:02:11]} Ke7
{[%clk 0:02:37]} 38. c4 {[%clk 0:02:30]} Kd6 {[%clk 0:02:25]} 39. cxb5 {[%clk
0:02:37]} Kc5 {[%clk 0:02:24]} 40. Re4 {[%clk 0:00:50]} axb5 {[%clk 0:02:17]}
41. Re5+ {[%clk 0:21:52]} Kb4 42. Rxb5+ {[%clk 0:17:41]} Rxb5 {[%clk 0:28:32]}
43. axb5 {[%clk 0:18:07]} Kxb5 {[%clk 0:28:56]} 44. Kg2 {[%clk 0:18:30]} Kc4
{[%clk 0:29:13]} 45. Kf2 {[%clk 0:15:21]} Kb3 {[%clk 0:28:19]} 46. Ke3 {[%clk
0:12:31]} Kxb2 {[%clk 0:28:43]} 47. Kd2 {[%clk 0:09:54]} Kb1 {[%clk 0:27:01]}
48. h5 {[%clk 0:10:19]} Kb2 {[%clk 0:27:00]} 49. Kd3 {[%clk 0:03:08]} Kc1
{[%clk 0:27:14]} 50. Ke4 {[%clk 0:03:17]} Kd2 {[%clk 0:27:39]} 51. Ke5 {[%clk
0:03:19]} Ke3 {[%clk 0:28:03]} 52. Kxe6 {[%clk 0:03:45]} Kf4 {[%clk 0:28:28]}
53. Kf7 {[%clk 0:04:12]} Kg5 {[%clk 0:28:53]} 54. Kxg7 {[%clk 0:04:39]} Kxh5
{[%clk 0:29:14]} 1/2-1/2

[Event "DEM U16 2021"]
[Site "Willingen GER"]
[Date "2021.08.24"]
[Round "3"]
[White "Haufe, Laurin"]
[Black "Bethke, Richard"]
[Result "1/2-1/2"]
[Termination "normal"]
[Board "6"]
[BlackTitle "FM"]
[WhiteElo "2013"]
[BlackElo "2337"]
[WhiteClock "00:11:08"]
[BlackClock "00:21:18"]
[PlyCount "113"]
[WhiteFideId "12976504"]
[BlackFideId "12959243"]
[EventCountry "GER"]
[EventRounds "9"]
[EventType "swiss"]
[EventDate "2021.08.22"]

1. e4 {[%clk 1:30:57]} c5 {[%clk 1:30:56]} 2. Nf3 {[%clk 1:31:23]} Nc6 {[%clk
1:31:21]} 3. d4 {[%clk 1:31:49]} cxd4 {[%clk 1:31:47]} 4. Nxd4 {[%clk 1:32:16]}
g6 {[%clk 1:32:11]} 5. c4 {[%clk 1:31:21]} Bg7 {[%clk 1:32:24]} 6. Be3 {[%clk
1:30:29]} Nf6 {[%clk 1:32:26]} 7. Nc3 {[%clk 1:30:50]} O-O {[%clk 1:32:51]} 8.
Be2 {[%clk 1:31:04]} d6 {[%clk 1:32:56]} 9. O-O {[%clk 1:31:18]} Bd7 {[%clk
1:33:13]} 10. Qd2 {[%clk 1:31:14]} Nxd4 {[%clk 1:32:02]} 11. Bxd4 {[%clk
1:31:27]} Bc6 {[%clk 1:32:29]} 12. f3 {[%clk 1:30:20]} a5 {[%clk 1:32:55]} 13.
Rac1 {[%clk 1:27:10]} Nd7 {[%clk 1:32:23]} 14. Rfd1 {[%clk 1:20:53]} a4 {[%clk
1:29:02]} 15. Bxg7 {[%clk 1:10:51]} Kxg7 {[%clk 1:29:28]} 16. Qd4+ {[%clk
1:11:05]} Kg8 {[%clk 1:29:13]} 17. b4 {[%clk 1:10:03]} axb3 {[%clk 1:29:19]}
18. axb3 {[%clk 1:10:28]} Nc5 {[%clk 1:28:19]} 19. Rb1 {[%clk 1:10:20]} Ne6
{[%clk 1:26:20]} 20. Qe3 {[%clk 1:09:41]} Qa5 {[%clk 1:22:55]} 21. b4 {[%clk
1:04:04]} Qe5 {[%clk 1:22:15]} 22. Nd5 {[%clk 0:52:30]} Bxd5 {[%clk 1:21:14]}
23. cxd5 {[%clk 0:52:50]} Nf4 {[%clk 1:19:31]} 24. Bf1 {[%clk 0:50:56]} f5
{[%clk 1:16:38]} 25. Re1 {[%clk 0:41:29]} Rac8 {[%clk 1:08:15]} 26. g3 {[%clk
0:37:53]} fxe4 {[%clk 0:48:31]} 27. gxf4 {[%clk 0:16:02]} Rxf4 {[%clk 0:48:41]}
28. Rb3 {[%clk 0:11:13]} Rc2 {[%clk 0:25:51]} 29. Re2 {[%clk 0:06:45]} Rxe2
{[%clk 0:20:43]} 30. Qxe2 {[%clk 0:05:32]} Qg5+ {[%clk 0:19:26]} 31. Kh1 {[%clk
0:05:15]} Qf5 {[%clk 0:13:04]} 32. Ra3 {[%clk 0:03:01]} Kf8 {[%clk 0:09:29]}
33. Bg2 {[%clk 0:03:28]} e3 {[%clk 0:07:22]} 34. Rxe3 {[%clk 0:03:07]} Rxb4
{[%clk 0:07:32]} 35. Rd3 {[%clk 0:03:32]} Rb5 {[%clk 0:05:46]} 36. Rd1 {[%clk
0:02:24]} Rxd5 {[%clk 0:05:35]} 37. Rxd5 Qxd5 {[%clk 0:06:00]} 38. f4 {[%clk
0:02:39]} Qf5 {[%clk 0:05:24]} 39. Qe4 {[%clk 0:01:39]} Qxe4 {[%clk 0:02:55]}
40. Bxe4 {[%clk 0:02:04]} b6 {[%clk 0:02:18]} 41. Bd5 {[%clk 0:24:43]} Kg7
{[%clk 0:31:44]} 42. Kg2 {[%clk 0:25:08]} Kf6 {[%clk 0:32:08]} 43. Kf3 {[%clk
0:25:34]} g5 {[%clk 0:29:30]} 44. fxg5+ {[%clk 0:19:12]} e6 {[%clk 0:28:12]}
45. Bc6+ {[%clk 0:15:15]} h6 {[%clk 0:28:03]} 46. Bb5+ {[%clk 0:14:52]} Kxg5
{[%clk 0:26:19]} 47. Bf1 {[%clk 0:15:19]} Kf6 {[%clk 0:22:08]} 48. Ke4 {[%clk
0:15:19]} e5 {[%clk 0:22:08]} 49. Kd5 {[%clk 0:09:21]} Kf5 {[%clk 0:21:45]} 50.
Kxd6 {[%clk 0:09:34]} Kf4 {[%clk 0:21:59]} 51. Kc6 {[%clk 0:09:59]} Kf3 {[%clk
0:21:32]} 52. Kxb6 {[%clk 0:10:21]} e4 {[%clk 0:21:57]} 53. Kc5 {[%clk
0:10:41]} h5 {[%clk 0:21:01]} 54. Kd4 {[%clk 0:10:34]} h4 {[%clk 0:21:09]} 55.
Bg2+ {[%clk 0:10:27]} Kxg2 {[%clk 0:21:06]} 56. Kxe4 {[%clk 0:10:53]} Kf2
{[%clk 0:21:18]} 57. h3 {[%clk 0:11:08]} 1/2-1/2

[Event "DEM U16 2021"]
[Site "Willingen GER"]
[Date "2021.08.24"]
[Round "3"]
[White "Milare, Tyron"]
[Black "Bornholdt, Joa Max"]
[Result "1-0"]
[Termination "normal"]
[Board "7"]
[WhiteElo "2161"]
[BlackElo "1993"]
[WhiteClock "00:17:20"]
[BlackClock "00:19:23"]
[PlyCount "49"]
[WhiteFideId "12987018"]
[BlackFideId "16253477"]
[EventCountry "GER"]
[EventRounds "9"]
[EventType "swiss"]
[EventDate "2021.08.22"]

1. e4 {[%clk 1:29:41]} c5 {[%clk 1:30:33]} 2. Nf3 {[%clk 1:29:45]} d6 {[%clk
1:30:27]} 3. d4 {[%clk 1:26:44]} cxd4 {[%clk 1:30:31]} 4. Nxd4 {[%clk 1:27:07]}
Nf6 {[%clk 1:30:57]} 5. Nc3 {[%clk 1:27:21]} g6 {[%clk 1:31:22]} 6. Be3 {[%clk
1:27:30]} Bg7 {[%clk 1:31:47]} 7. Be2 {[%clk 1:27:47]} Nc6 {[%clk 1:31:44]} 8.
Qd2 {[%clk 1:27:14]} O-O {[%clk 1:31:37]} 9. f4 {[%clk 1:23:26]} a6 {[%clk
1:28:16]} 10. a4 {[%clk 1:20:19]} Bd7 {[%clk 1:26:36]} 11. O-O {[%clk 1:12:13]}
Rc8 {[%clk 1:26:17]} 12. Nb3 {[%clk 1:11:22]} Na5 {[%clk 1:19:50]} 13. Nxa5
{[%clk 1:07:53]} Qxa5 {[%clk 1:20:12]} 14. Bf3 {[%clk 1:05:58]} Qb4 {[%clk
1:12:34]} 15. e5 {[%clk 0:40:13]} dxe5 {[%clk 0:55:41]} 16. fxe5 {[%clk
0:40:22]} Ng4 {[%clk 0:56:06]} 17. Nd5 {[%clk 0:35:23]} Qxd2 {[%clk 0:51:33]}
18. Bxd2 {[%clk 0:35:46]} Rfe8 {[%clk 0:45:22]} 19. Bb4 {[%clk 0:30:17]} Bf8
{[%clk 0:25:34]} 20. Nb6 {[%clk 0:24:20]} Nxe5 {[%clk 0:23:00]} 21. Nxc8 {[%clk
0:23:52]} Rxc8 {[%clk 0:23:16]} 22. Bxb7 {[%clk 0:20:38]} Rxc2 {[%clk 0:22:51]}
23. Bc3 {[%clk 0:19:38]} Nc4 {[%clk 0:18:59]} 24. Bd5 {[%clk 0:17:20]} Ne3
{[%clk 0:19:23]} 25. Bxf7# 1-0

[Event "DEM U16 2021"]
[Site "Willingen GER"]
[Date "2021.08.24"]
[Round "3"]
[White "Müller, Magnus"]
[Black "Albert, Markus"]
[Result "1-0"]
[Termination "normal"]
[Board "8"]
[WhiteElo "2147"]
[BlackElo "1951"]
[WhiteClock "00:33:02"]
[BlackClock "00:00:47"]
[PlyCount "39"]
[WhiteFideId "16230060"]
[BlackFideId "16292626"]
[EventCountry "GER"]
[EventRounds "9"]
[EventType "swiss"]
[EventDate "2021.08.22"]

1. e4 {[%clk 1:30:46]} e5 {[%clk 1:30:50]} 2. Nf3 {[%clk 1:31:10]} Nc6 {[%clk
1:31:07]} 3. Bb5 {[%clk 1:31:20]} a6 {[%clk 1:27:17]} 4. Ba4 {[%clk 1:31:44]}
Nf6 {[%clk 1:27:33]} 5. O-O {[%clk 1:32:07]} Nxe4 {[%clk 1:25:16]} 6. d4 {[%clk
1:32:24]} b5 {[%clk 1:25:33]} 7. Bb3 {[%clk 1:32:50]} d5 {[%clk 1:25:59]} 8.
dxe5 {[%clk 1:33:16]} Be6 {[%clk 1:26:24]} 9. Qe2 {[%clk 1:33:41]} g5 {[%clk
1:05:10]} 10. c4 {[%clk 1:20:31]} dxc4 {[%clk 0:38:28]} 11. Rd1 {[%clk
1:07:53]} cxb3 {[%clk 0:36:20]} 12. Rxd8+ {[%clk 1:07:35]} Rxd8 {[%clk
0:36:34]} 13. axb3 {[%clk 0:52:08]} Nc5 {[%clk 0:24:38]} 14. Bxg5 {[%clk
0:49:38]} Be7 {[%clk 0:12:52]} 15. Bxe7 {[%clk 0:46:42]} Kxe7 {[%clk 0:11:56]}
16. Nbd2 {[%clk 0:42:47]} Nb4 {[%clk 0:06:59]} 17. Qe3 {[%clk 0:41:49]} Rd5
{[%clk 0:06:09]} 18. Qf4 {[%clk 0:36:23]} Kd7 {[%clk 0:00:44]} 19. Qxb4 {[%clk
0:36:12]} Nd3 {[%clk 0:00:47]} 20. Qa3 {[%clk 0:33:02]} 1-0

[Event "DEM U16 2021"]
[Site "Willingen GER"]
[Date "2021.08.24"]
[Round "3"]
[White "Lutz, Ruben"]
[Black "Ponomarev, Maximilian"]
[Result "1/2-1/2"]
[Termination "normal"]
[Board "9"]
[WhiteElo "2108"]
[BlackElo "1940"]
[WhiteClock "00:00:38"]
[BlackClock "00:04:43"]
[PlyCount "79"]
[WhiteFideId "12975974"]
[BlackFideId "16216768"]
[EventCountry "GER"]
[EventRounds "9"]
[EventType "swiss"]
[EventDate "2021.08.22"]

1. d4 {[%clk 1:30:58]} Nf6 {[%clk 1:30:49]} 2. Nf3 {[%clk 1:31:11]} d5 {[%clk
1:30:41]} 3. c4 {[%clk 1:31:32]} e6 {[%clk 1:29:59]} 4. Nc3 {[%clk 1:31:53]} c6
{[%clk 1:29:18]} 5. cxd5 {[%clk 1:28:50]} exd5 {[%clk 1:28:57]} 6. Bg5 {[%clk
1:28:40]} Be7 {[%clk 1:28:08]} 7. Qc2 {[%clk 1:28:48]} g6 {[%clk 1:27:26]} 8.
e3 {[%clk 1:27:30]} Bf5 {[%clk 1:27:29]} 9. Bd3 {[%clk 1:27:33]} Bxd3 {[%clk
1:27:15]} 10. Qxd3 {[%clk 1:27:57]} Nbd7 {[%clk 1:27:41]} 11. O-O {[%clk
1:27:26]} O-O {[%clk 1:28:02]} 12. h3 {[%clk 1:22:51]} Re8 {[%clk 1:20:35]} 13.
Rab1 {[%clk 1:22:58]} a5 {[%clk 1:20:16]} 14. Bf4 {[%clk 1:20:50]} Bf8 {[%clk
1:05:06]} 15. Qc2 {[%clk 1:15:02]} Nh5 {[%clk 1:00:34]} 16. Bh2 {[%clk
1:14:17]} f5 {[%clk 0:56:25]} 17. a3 {[%clk 1:05:57]} Nhf6 {[%clk 0:51:55]} 18.
b4 {[%clk 1:01:54]} axb4 {[%clk 0:51:56]} 19. axb4 {[%clk 1:02:18]} b5 {[%clk
0:52:12]} 20. Ne2 {[%clk 0:55:01]} Rc8 {[%clk 0:48:39]} 21. Nf4 {[%clk
0:45:14]} Bd6 {[%clk 0:37:39]} 22. Nd3 {[%clk 0:44:07]} Nb6 {[%clk 0:36:44]}
23. Ra1 {[%clk 0:41:55]} Nc4 {[%clk 0:35:43]} 24. Ra6 {[%clk 0:33:03]} Bxh2+
{[%clk 0:34:03]} 25. Kxh2 {[%clk 0:32:06]} Qd6+ {[%clk 0:26:42]} 26. Kg1 {[%clk
0:27:00]} Nd7 {[%clk 0:25:58]} 27. Rfa1 {[%clk 0:23:21]} Ndb6 {[%clk 0:21:40]}
28. Nfe5 {[%clk 0:18:39]} Na4 {[%clk 0:18:27]} 29. Nxc4 {[%clk 0:07:42]} dxc4
{[%clk 0:18:50]} 30. Nc5 {[%clk 0:06:14]} Nxc5 {[%clk 0:17:50]} 31. dxc5 {[%clk
0:06:21]} Qf6 {[%clk 0:13:37]} 32. Rd1 {[%clk 0:05:46]} Red8 {[%clk 0:13:53]}
33. Ra7 {[%clk 0:00:44]} Ra8 {[%clk 0:11:37]} 34. Rxa8 {[%clk 0:00:45]} Rxa8
{[%clk 0:12:01]} 35. Qd2 {[%clk 0:00:40]} Ra1 {[%clk 0:11:07]} 36. Rxa1 {[%clk
0:00:36]} Qxa1+ {[%clk 0:10:35]} 37. Kh2 {[%clk 0:01:04]} Qe5+ {[%clk 0:10:12]}
38. g3 {[%clk 0:00:54]} Qf6 {[%clk 0:04:42]} 39. h4 {[%clk 0:00:51]} Kg7 {[%clk
0:04:43]} 40. Kg2 {[%clk 0:00:38]} 1/2-1/2